Cálculo vectorial intrínseco
Saved in:
| Hovedforfatter: | |
|---|---|
| Format: | Bog |
| Sprog: | spansk |
| Udgivet: |
Madrid
Dossat
1951
|
| Udgivelse: | 3a. ed |
| Fag: | |
| Tags: |
Tilføj Tag
Ingen Tags, Vær først til at tagge denne postø!
|
MARC
| LEADER | 00000nam a2200000 a 4500 | ||
|---|---|---|---|
| 001 | UCU2798 | ||
| 003 | CL-VaPUC | ||
| 008 | 960426e19510000SP |||||||||||||||||spa|d | ||
| 082 | 0 | 4 | |a 515.63 |b MAT |2 21 |
| 100 | |a Mataix Aracil, Carlos |e autor |9 424182 | ||
| 245 | 1 | 0 | |a Cálculo vectorial intrínseco |
| 250 | |a 3a. ed | ||
| 300 | |a 136 p | ||
| 942 | |c BK | ||
| 945 | |d 19960426 00:00:00 |a lriquelm | ||
| 260 | |a Madrid |b Dossat |c 1951 | ||
| 650 | 0 | |a Cálculo |9 260234 | |
| 650 | 0 | |a Análisis vectorial |9 260451 | |
| 650 | 0 | |a Matemática |9 260235 | |
| 583 | |a last modification |c 19960426 00:00:00 |k Rodrigo Vera | ||
| 999 | |c 247013 |d 247011 | ||